Ukrainisches Kyrillisches Alphabet - Statistiken

Allgemein
  • Dieses Quiz wurde 251 mal gespielt
  • Das Durchschnittsergebnis liegt bei 25 aus 32
Antwortstatistiken
Majuskel Minuskel Deutsch Englisch Wissenschaftlich % Korrekt
А а A A A
100%
Б б B B B
99%
Е е E E E
89%
В в W V V
87%
Г г H H H
86%
Д д D D D
85%
М м M M M
85%
О o O O O
85%
К к K K K
84%
Т т T T T
84%
І і I I I
82%
С с S S S
82%
Р р R R R
80%
П п P P P
79%
У у U U U
79%
Л л L L L
78%
Н н N N N
78%
Ф ф F F F
74%
Ї ї Ji I | Yi Ï
74%
И и Y Y Y
74%
Ґ ґ G G G
73%
З з S Z Z
72%
Ш ш Sch Sh Š
72%
Й й J Y J
71%
Ж ж Sch Zh Ž
71%
Х х Ch Kh Ch | H
69%
Я я Ja Ya Ja
69%
Щ щ Schtsch Shch Šč
69%
Ц ц Z Ts C
69%
Ч ч Tsch Ch Č
66%
Ю ю Ju Yu Ju
65%
Є є Je Ye Je
54%
Keine übereinstimmenden Quizze gefunden
Verteilung der Resultate
Anzahl Personen mit jedem Resultat
Perzentil nach korrekt beantworteten Fragen
Ihre Resultats-Entwicklung
Sie haben dieses Quiz noch nicht gespielt